[Event "Wesel Undeloh op"]
[Site "Wesel Undeloh"]
[Date "2005.04.16"]
[Round "5"]
[White "Harting, Wolfgang"]
[Black "Sander, Eckart"]
[Result "1-0"]
[WhiteElo "1567"]
[BlackElo "1356"]
[PlyCount "125"]
[EventDate "2005.04.14"]
[EventType "swiss"]
[EventRounds "7"]
[EventCountry "GER"]
[SourceTitle "EXT 2007"]
[Source "ChessBase"]
[SourceDate "2006.11.23"]
[SourceVersion "1"]
[SourceVersionDate "2006.11.23"]
[SourceQuality "1"]

1. d4 Nf6 2. c4 e6 3. Nf3 b6 4. Bg5 Be7 5. e3 Bb7 6. Be2 0-0 7. 0-0 d5 8. Nc3 Nbd7 9. Rc1 h6 10. Bh4 c5 11. b3 Rc8 12. cxd5 exd5 13. h3 Re8 14. Bg3 Nb8 15. Nb5 Nc6 16. Ne5 Nxe5 17. Bxe5 a6 18. Nc3 cxd4 19. exd4 Bd6 20. f4 Bb4 21. Rf3 Bxc3 22. Rfxc3 Rxc3 23. Rxc3 Ne4 24. Rc7 Bc8 25. Bg4 Qh4 26. Qe2 Bxg4 27. Qxg4 Qxg4 28. hxg4 f6 29. Bxf6 Nxf6 30. Rc6 Rb8 31. Rd6 Nxg4 32. Rxd5 Ne3 33. Re5 Nc2 34. d5 Rd8 35. Re6 Rxd5 36. Rxb6 Ra5 37. a4 Ne3 38. Kf2 Nd5 39. Rb8+ Kh7 40. Kf3 Nc3 41. g4 Nxa4 42. bxa4 Rxa4 43. f5 a5 44. Rb7 Kg8 45. Rb8+ Kf7 46. Rb7+ Kf6 47. Rb6+ Ke5 48. Re6+ Kd5 49. Rg6 Ra3+ 50. Kf4 Ra4+ 51. Kg3 Ra3+ 52. Kh4 Ra1 53. Rxg7 Ke5 54. Kh5 Kf6 55. Rg6+ Kf7 56. Kxh6 a4 57. Ra6 a3 58. Kg5 a2 59. Ra7+ Kg8 60. Kg6 Kf8 61. f6 Re1 62. Rxa2 Re4 63. Ra8+ 1-0

[Event "Wesel Undeloh op"]
[Site "Wesel Undeloh"]
[Date "2005.??.??"]
[Round "2"]
[White "Harting, Wolfgang"]
[Black "Schoenemann, Manfred"]
[Result "0-1"]
[WhiteElo "1567"]
[BlackElo "1699"]
[PlyCount "84"]
[EventDate "2005.04.14"]
[EventType "swiss"]
[EventRounds "7"]
[EventCountry "GER"]
[SourceTitle "EXT 2007"]
[Source "ChessBase"]
[SourceDate "2006.11.23"]
[SourceVersion "1"]
[SourceVersionDate "2006.11.23"]
[SourceQuality "1"]

1. d4 Nf6 2. c4 c5 3. d5 e6 4. dxe6 fxe6 5. Nc3 Be7 6. e4 d6 7. Nf3 0-0 8. h3 Nc6 9. a3 a6 10. Bd3 Rb8 11. 0-0 Nd4 12. Nxd4 cxd4 13. Ne2 e5 14. Bd2 Be6 15. f4 Rc8 16. Rc1 Qb6 17. b4 Nd7 18. f5 Bf7 19. Qa4 Be8 20. Qb3 Nc5 21. Qb1 Nxd3 22. Qxd3 Bf7 23. Kh1 Rc7 24. f6 Bxf6 25. Rxf6 gxf6 26. Qg3+ Kh8 27. Bh6 Rg8 28. Qh4 Rg6 29. Rf1 d5 30. c5 Qc6 31. Ng3 d3 32. Bf8 Be8 33. Bd6 Rf7 34. Nf5 dxe4 35. Ne7 Rxe7 36. Bxe7 e3 37. Bxf6+ Kg8 38. Rf3 d2 39. Bxe5 d1Q+ 40. Kh2 Rxg2+ 41. Kxg2 Qcxf3+ 42. Kh2 Qdh1# 0-1